| 000 | 00591nam a22001817a 4500 | ||
|---|---|---|---|
| 999 |
_c13808 _d13808 |
||
| 008 | 190417b ||||| |||| 00| 0 eng d | ||
| 020 | _a9781783323098 | ||
| 082 |
_22016 _aAV-Eb 512.74 _bK241 |
||
| 100 |
_aKe,Zhang Xian. _938376 |
||
| 245 |
_aAlgebraic number theory / _cZhang Xian Ke |
||
| 250 | _aSecond Edition | ||
| 260 |
_bAlpha Science Internation, _c©2016. |
||
| 300 | _a417 pages; | ||
| 500 | _aIncludes index. | ||
| 650 |
_aAlgebraic number theory. _938377 |
||
| 856 | _yhttps://ebookcentral.proquest.com/lib/uniofmindanao-ebooks/detail.action?docID=5150788 | ||
| 942 |
_2ddc _cEB |
||